Open-ended Real Estate funds to be regulated in the EU (Record no. 81547)

MARC details
000 -LEADER
fixed length control field 01122cad a22002055a 4500
001 - CONTROL NUMBER
control field L147491
008 - FIXED-LENGTH DATA ELEMENTS--GENERAL INFORMATION
fixed length control field 090515e20090512xxk f 000 0 eng d
035 ## - SYSTEM CONTROL NUMBER
System control number (Sirsi) u147491
041 0# - LANGUAGE CODE
Language code of text/sound track or separate title eng
110 1# - MAIN ENTRY--CORPORATE NAME
Corporate name or jurisdiction name as entry element Royal Institution of Chartered Surveyors
9 (RLIN) 4900
245 00 - TITLE STATEMENT
Title Open-ended Real Estate funds to be regulated in the EU
Medium [electronic resource]
260 ## - PUBLICATION, DISTRIBUTION, ETC.
Date of publication, distribution, etc. 2009
490 #0 - SERIES STATEMENT
Series statement RICS Feature
Volume/sequential designation 12 May 2009
520 ## - SUMMARY, ETC.
Summary, etc. Discusses a European Commission proposal for a Directive on Alternative Investment Fund Managers (AIFM), which was presented on 29 April 2009. AIF includes Open-Ended Real Estate Funds, and the Directive will introduce a harmonised regulatory framework for AIFM in the EU. AIFs are defined as all funds that do not fall under the UCITS Directive on harmonised investment funds in the EU. The proposal will now be discussed by the European Parliament, who will take it up after the upcoming election and vacation period.
590 ## - LOCAL NOTE (RLIN)
Local note KA
651 #4 - SUBJECT ADDED ENTRY--GEOGRAPHIC NAME
Geographic name Europe
690 ## - LOCAL SUBJECT ADDED ENTRY--TOPICAL TERM (OCLC, RLIN)
Topical term or geographic name as entry element PROPERTY-PROPERTY FINANCE AND INVESTMENT
856 40 - ELECTRONIC LOCATION AND ACCESS
Host name uzView the article free of charge at www.rics.org...
942 ## - ADDED ENTRY ELEMENTS (KOHA)
Suppress in OPAC 0
Holdings
Withdrawn status Lost status Source of classification or shelving scheme Damaged status Not for loan Home library Current library Shelving location Date acquired Total Checkouts Full call number Barcode Date last seen Copy number Price effective from Koha item type
    Dewey Decimal Classification     Virtual Virtual Online 15/05/2009   ONLINE PUBLICATION 147491-2001 06/08/2019 1 06/08/2019 Journal article